<?xml version="1.0" encoding="UTF-8"?>
<record
    xmlns:xsi="http://www.w3.org/2001/XMLSchema-instance"
    xsi:schemaLocation="http://www.loc.gov/MARC21/slim http://www.loc.gov/standards/marcxml/schema/MARC21slim.xsd"
    xmlns="http://www.loc.gov/MARC21/slim">

  <leader>01202nas a2200277 i 4500</leader>
  <controlfield tag="001">47438</controlfield>
  <controlfield tag="003">DR-UNIBE</controlfield>
  <controlfield tag="005">20250612122937.0</controlfield>
  <controlfield tag="007">ta</controlfield>
  <controlfield tag="008">250602e2000    dr |||p|r||||||0| | spa d</controlfield>
  <datafield tag="022" ind1=" " ind2=" ">
    <subfield code="a">2737-663X</subfield>
  </datafield>
  <datafield tag="040" ind1=" " ind2=" ">
    <subfield code="c">Biblioteca UNIBE</subfield>
    <subfield code="a">Biblioteca UNIBE</subfield>
    <subfield code="b">spa</subfield>
    <subfield code="d">DO-SdBNP</subfield>
    <subfield code="e">rda</subfield>
  </datafield>
  <datafield tag="041" ind1=" " ind2=" ">
    <subfield code="a">spa</subfield>
  </datafield>
  <datafield tag="110" ind1=" " ind2=" ">
    <subfield code="a">Rep&#xFA;blica Dominicana. Instituto Duartiano</subfield>
    <subfield code="9">87949</subfield>
  </datafield>
  <datafield tag="245" ind1="1" ind2="0">
    <subfield code="a">P&#xE1;ginas duartianas</subfield>
  </datafield>
  <datafield tag="264" ind1=" " ind2=" ">
    <subfield code="a">Santo Domingo, Rep&#xFA;blica Dominicana : </subfield>
    <subfield code="b">Instituto Duartiano,</subfield>
    <subfield code="c">2000.</subfield>
  </datafield>
  <datafield tag="300" ind1=" " ind2=" ">
    <subfield code="a">volumen :</subfield>
    <subfield code="b">ilustraciones, fotograf&#xED;as ; </subfield>
    <subfield code="c">27 cm.</subfield>
  </datafield>
  <datafield tag="336" ind1=" " ind2=" ">
    <subfield code="a">texto</subfield>
    <subfield code="b">txt</subfield>
    <subfield code="2">rdacontent</subfield>
  </datafield>
  <datafield tag="337" ind1=" " ind2=" ">
    <subfield code="a">sin mediaci&#xF3;n </subfield>
    <subfield code="b">n</subfield>
    <subfield code="2">rdamedia</subfield>
  </datafield>
  <datafield tag="338" ind1=" " ind2=" ">
    <subfield code="a">volumen</subfield>
    <subfield code="b">nc</subfield>
    <subfield code="2">rdacarrier</subfield>
  </datafield>
  <datafield tag="362" ind1=" " ind2=" ">
    <subfield code="a">A&#xF1;o 1, n&#xFA;mero 2 (2000).</subfield>
  </datafield>
  <datafield tag="520" ind1=" " ind2=" ">
    <subfield code="a">La presencia de Juan Pablo Duarte en todos los &#xE1;mbitos de nuestro pa&#xED;s y en pa&#xED;ses hermanos que han acogido a nuestros compatriotas con tanto calor que les han permitido formar colectividades representativas, es un hecho que nos enorgullece. </subfield>
  </datafield>
  <datafield tag="600" ind1="1" ind2="0">
    <subfield code="a">Duarte y Diez, Juan Pablo</subfield>
    <subfield code="d">1813-1876</subfield>
    <subfield code="x">Biograf&#xED;as</subfield>
    <subfield code="9">186931</subfield>
    <subfield code="v">Publicaciones peri&#xF3;dicas </subfield>
    <subfield code="z">Rep&#xFA;blica Dominicana</subfield>
  </datafield>
  <datafield tag="651" ind1=" " ind2="7">
    <subfield code="a">Rep&#xFA;blica Dominicana </subfield>
    <subfield code="x">Historia</subfield>
    <subfield code="9">1416</subfield>
    <subfield code="2">lemb</subfield>
  </datafield>
  <datafield tag="942" ind1=" " ind2=" ">
    <subfield code="2">ddc</subfield>
    <subfield code="c">ISSUE</subfield>
  </datafield>
  <datafield tag="952" ind1=" " ind2=" ">
    <subfield code="0">0</subfield>
    <subfield code="1">0</subfield>
    <subfield code="2">ddc</subfield>
    <subfield code="4">0</subfield>
    <subfield code="5">6</subfield>
    <subfield code="7">0</subfield>
    <subfield code="8">SE</subfield>
    <subfield code="a">BNPHU</subfield>
    <subfield code="b">BNPHU</subfield>
    <subfield code="d">2025-06-02</subfield>
    <subfield code="h">A&#xF1;o 1, No. 2, mayo-agosto, 2000</subfield>
    <subfield code="l">0</subfield>
    <subfield code="p">2025-4770</subfield>
    <subfield code="r">2025-06-02</subfield>
    <subfield code="t">e.1</subfield>
    <subfield code="w">2025-06-02</subfield>
    <subfield code="y">ISSUE</subfield>
    <subfield code="z">Aprueba reglamentos, Centros Duartianos.</subfield>
  </datafield>
  <datafield tag="952" ind1=" " ind2=" ">
    <subfield code="0">0</subfield>
    <subfield code="1">0</subfield>
    <subfield code="2">ddc</subfield>
    <subfield code="4">0</subfield>
    <subfield code="5">6</subfield>
    <subfield code="7">0</subfield>
    <subfield code="8">SE</subfield>
    <subfield code="a">BNPHU</subfield>
    <subfield code="b">BNPHU</subfield>
    <subfield code="d">2025-06-02</subfield>
    <subfield code="h">A&#xF1;o 1, No. 2, mayo-agosto, 2000</subfield>
    <subfield code="l">0</subfield>
    <subfield code="p">2025-4771</subfield>
    <subfield code="r">2025-06-02</subfield>
    <subfield code="t">e.2</subfield>
    <subfield code="w">2025-06-02</subfield>
    <subfield code="y">ISSUE</subfield>
    <subfield code="z">Aprueba reglamentos, Centros Duartianos.</subfield>
  </datafield>
  <datafield tag="952" ind1=" " ind2=" ">
    <subfield code="0">0</subfield>
    <subfield code="1">0</subfield>
    <subfield code="2">ddc</subfield>
    <subfield code="4">0</subfield>
    <subfield code="5">6</subfield>
    <subfield code="7">0</subfield>
    <subfield code="8">SE</subfield>
    <subfield code="a">BNPHU</subfield>
    <subfield code="b">BNPHU</subfield>
    <subfield code="d">2025-06-03</subfield>
    <subfield code="h">A&#xF1;o 1, Nos. 3 y 4, septiembre-abril, 2001</subfield>
    <subfield code="l">0</subfield>
    <subfield code="p">2025-4802</subfield>
    <subfield code="r">2025-06-03</subfield>
    <subfield code="t">e.1</subfield>
    <subfield code="w">2025-06-03</subfield>
    <subfield code="y">ISSUE</subfield>
    <subfield code="z">Crece fervor patri&#xF3;tico dominicanos en el exterior. </subfield>
  </datafield>
  <datafield tag="952" ind1=" " ind2=" ">
    <subfield code="0">0</subfield>
    <subfield code="1">0</subfield>
    <subfield code="2">ddc</subfield>
    <subfield code="4">0</subfield>
    <subfield code="5">6</subfield>
    <subfield code="7">0</subfield>
    <subfield code="8">SE</subfield>
    <subfield code="a">BNPHU</subfield>
    <subfield code="b">BNPHU</subfield>
    <subfield code="d">2025-06-03</subfield>
    <subfield code="h">A&#xF1;o 7, No. 3, mayo-agosto, 2018</subfield>
    <subfield code="l">0</subfield>
    <subfield code="p">2025-4804</subfield>
    <subfield code="r">2025-06-03</subfield>
    <subfield code="t">e.1</subfield>
    <subfield code="w">2025-06-03</subfield>
    <subfield code="y">ISSUE</subfield>
    <subfield code="z">Conmemoran regreso de Duarte desde Curazao.</subfield>
  </datafield>
  <datafield tag="952" ind1=" " ind2=" ">
    <subfield code="0">0</subfield>
    <subfield code="1">0</subfield>
    <subfield code="2">ddc</subfield>
    <subfield code="4">0</subfield>
    <subfield code="5">6</subfield>
    <subfield code="7">0</subfield>
    <subfield code="8">SE</subfield>
    <subfield code="a">BNPHU</subfield>
    <subfield code="b">BNPHU</subfield>
    <subfield code="d">2025-06-03</subfield>
    <subfield code="h">A&#xF1;o 7, No. 3, mayo-agosto, 2018</subfield>
    <subfield code="l">0</subfield>
    <subfield code="p">2025-4805</subfield>
    <subfield code="r">2025-06-03</subfield>
    <subfield code="t">e.2</subfield>
    <subfield code="w">2025-06-03</subfield>
    <subfield code="y">ISSUE</subfield>
    <subfield code="z">Conmemoran regreso de Duarte desde Curazao.</subfield>
  </datafield>
  <datafield tag="952" ind1=" " ind2=" ">
    <subfield code="0">0</subfield>
    <subfield code="1">0</subfield>
    <subfield code="2">ddc</subfield>
    <subfield code="4">0</subfield>
    <subfield code="5">6</subfield>
    <subfield code="7">0</subfield>
    <subfield code="8">SE</subfield>
    <subfield code="a">BNPHU</subfield>
    <subfield code="b">BNPHU</subfield>
    <subfield code="d">2025-06-03</subfield>
    <subfield code="h">A&#xF1;o 7, No. 4, septiembre-diciembre, 2018</subfield>
    <subfield code="l">0</subfield>
    <subfield code="p">2025-4806</subfield>
    <subfield code="r">2025-06-03</subfield>
    <subfield code="t">e.1</subfield>
    <subfield code="w">2025-06-03</subfield>
    <subfield code="y">ISSUE</subfield>
    <subfield code="z">M&#xE1;s de 40 mil personas visitan Museo de Duarte en 2018.</subfield>
  </datafield>
  <datafield tag="952" ind1=" " ind2=" ">
    <subfield code="0">0</subfield>
    <subfield code="1">0</subfield>
    <subfield code="2">ddc</subfield>
    <subfield code="4">0</subfield>
    <subfield code="5">6</subfield>
    <subfield code="7">0</subfield>
    <subfield code="8">SE</subfield>
    <subfield code="a">BNPHU</subfield>
    <subfield code="b">BNPHU</subfield>
    <subfield code="d">2025-06-03</subfield>
    <subfield code="h">A&#xF1;o 7, No. 4, septiembre-diciembre, 2018</subfield>
    <subfield code="l">0</subfield>
    <subfield code="p">2025-4807</subfield>
    <subfield code="r">2025-06-03</subfield>
    <subfield code="t">e.2</subfield>
    <subfield code="w">2025-06-03</subfield>
    <subfield code="y">ISSUE</subfield>
    <subfield code="z">M&#xE1;s de 40 mil personas visitan Museo de Duarte en 2018.</subfield>
  </datafield>
  <datafield tag="952" ind1=" " ind2=" ">
    <subfield code="0">0</subfield>
    <subfield code="1">0</subfield>
    <subfield code="2">ddc</subfield>
    <subfield code="4">0</subfield>
    <subfield code="5">6</subfield>
    <subfield code="7">0</subfield>
    <subfield code="8">SE</subfield>
    <subfield code="a">BNPHU</subfield>
    <subfield code="b">BNPHU</subfield>
    <subfield code="d">2025-06-03</subfield>
    <subfield code="h">A&#xF1;o 7, No. 4, septiembre-diciembre, 2018</subfield>
    <subfield code="l">0</subfield>
    <subfield code="p">2025-4808</subfield>
    <subfield code="r">2025-06-03</subfield>
    <subfield code="t">e.3</subfield>
    <subfield code="w">2025-06-03</subfield>
    <subfield code="y">ISSUE</subfield>
    <subfield code="z">M&#xE1;s de 40 mil personas visitan Museo de Duarte en 2018.</subfield>
  </datafield>
  <datafield tag="952" ind1=" " ind2=" ">
    <subfield code="0">0</subfield>
    <subfield code="1">0</subfield>
    <subfield code="2">ddc</subfield>
    <subfield code="4">0</subfield>
    <subfield code="5">6</subfield>
    <subfield code="7">0</subfield>
    <subfield code="8">SE</subfield>
    <subfield code="a">BNPHU</subfield>
    <subfield code="b">BNPHU</subfield>
    <subfield code="d">2025-06-03</subfield>
    <subfield code="h">A&#xF1;o 7, No. 6, mayo-agosto, 2019</subfield>
    <subfield code="l">0</subfield>
    <subfield code="p">2025-4809</subfield>
    <subfield code="r">2025-06-03</subfield>
    <subfield code="t">e.1</subfield>
    <subfield code="w">2025-06-03</subfield>
    <subfield code="y">ISSUE</subfield>
    <subfield code="z">Eligen a Wilson G&#xF3;mez nuevo presidente del Instituto Duartiano.</subfield>
  </datafield>
  <datafield tag="952" ind1=" " ind2=" ">
    <subfield code="0">0</subfield>
    <subfield code="1">0</subfield>
    <subfield code="2">ddc</subfield>
    <subfield code="4">0</subfield>
    <subfield code="5">6</subfield>
    <subfield code="7">0</subfield>
    <subfield code="8">SE</subfield>
    <subfield code="a">BNPHU</subfield>
    <subfield code="b">BNPHU</subfield>
    <subfield code="d">2025-06-03</subfield>
    <subfield code="h">A&#xF1;o 7, No. 6, mayo-agosto, 2019</subfield>
    <subfield code="l">0</subfield>
    <subfield code="p">2025-4810</subfield>
    <subfield code="r">2025-06-03</subfield>
    <subfield code="t">e.2</subfield>
    <subfield code="w">2025-06-03</subfield>
    <subfield code="y">ISSUE</subfield>
    <subfield code="z">Eligen a Wilson G&#xF3;mez nuevo presidente del Instituto Duartiano.</subfield>
  </datafield>
  <datafield tag="952" ind1=" " ind2=" ">
    <subfield code="0">0</subfield>
    <subfield code="1">0</subfield>
    <subfield code="2">ddc</subfield>
    <subfield code="4">0</subfield>
    <subfield code="5">6</subfield>
    <subfield code="7">0</subfield>
    <subfield code="8">SE</subfield>
    <subfield code="a">BNPHU</subfield>
    <subfield code="b">BNPHU</subfield>
    <subfield code="d">2025-06-03</subfield>
    <subfield code="h">A&#xF1;o 7, No. 7, septiembre-diciembre, 2019</subfield>
    <subfield code="l">0</subfield>
    <subfield code="p">2025-4811</subfield>
    <subfield code="r">2025-06-03</subfield>
    <subfield code="t">e.1</subfield>
    <subfield code="w">2025-06-03</subfield>
    <subfield code="y">ISSUE</subfield>
    <subfield code="z">Destacan pensamiento constitucional de Duarte.</subfield>
  </datafield>
  <datafield tag="952" ind1=" " ind2=" ">
    <subfield code="0">0</subfield>
    <subfield code="1">0</subfield>
    <subfield code="2">ddc</subfield>
    <subfield code="4">0</subfield>
    <subfield code="5">6</subfield>
    <subfield code="7">0</subfield>
    <subfield code="8">SE</subfield>
    <subfield code="a">BNPHU</subfield>
    <subfield code="b">BNPHU</subfield>
    <subfield code="d">2025-06-03</subfield>
    <subfield code="h">A&#xF1;o 7, No. 7, septiembre-diciembre, 2019</subfield>
    <subfield code="l">0</subfield>
    <subfield code="p">2025-4812</subfield>
    <subfield code="r">2025-06-03</subfield>
    <subfield code="t">e.2</subfield>
    <subfield code="w">2025-06-03</subfield>
    <subfield code="y">ISSUE</subfield>
    <subfield code="z">Destacan pensamiento constitucional de Duarte.</subfield>
  </datafield>
  <datafield tag="952" ind1=" " ind2=" ">
    <subfield code="0">0</subfield>
    <subfield code="1">0</subfield>
    <subfield code="2">ddc</subfield>
    <subfield code="4">0</subfield>
    <subfield code="5">6</subfield>
    <subfield code="7">0</subfield>
    <subfield code="8">SE</subfield>
    <subfield code="a">BNPHU</subfield>
    <subfield code="b">BNPHU</subfield>
    <subfield code="d">2025-06-03</subfield>
    <subfield code="h">A&#xF1;o 7, No. 7, septiembre-diciembre, 2019</subfield>
    <subfield code="l">0</subfield>
    <subfield code="p">2025-4813</subfield>
    <subfield code="r">2025-06-03</subfield>
    <subfield code="t">e.3</subfield>
    <subfield code="w">2025-06-03</subfield>
    <subfield code="y">ISSUE</subfield>
    <subfield code="z">Destacan pensamiento constitucional de Duarte.</subfield>
  </datafield>
  <datafield tag="952" ind1=" " ind2=" ">
    <subfield code="0">0</subfield>
    <subfield code="1">0</subfield>
    <subfield code="2">ddc</subfield>
    <subfield code="4">0</subfield>
    <subfield code="5">6</subfield>
    <subfield code="7">0</subfield>
    <subfield code="8">SE</subfield>
    <subfield code="a">BNPHU</subfield>
    <subfield code="b">BNPHU</subfield>
    <subfield code="d">2025-06-03</subfield>
    <subfield code="h">A&#xF1;o 9, No. 8, enero-abril, 2020</subfield>
    <subfield code="l">0</subfield>
    <subfield code="p">2025-4815</subfield>
    <subfield code="r">2025-06-03</subfield>
    <subfield code="t">e.1</subfield>
    <subfield code="w">2025-06-03</subfield>
    <subfield code="y">ISSUE</subfield>
    <subfield code="z">Celebran 207 aniversario del natalicio de Juan Pablo Duarte.</subfield>
  </datafield>
  <datafield tag="952" ind1=" " ind2=" ">
    <subfield code="0">0</subfield>
    <subfield code="1">0</subfield>
    <subfield code="2">ddc</subfield>
    <subfield code="4">0</subfield>
    <subfield code="5">6</subfield>
    <subfield code="7">0</subfield>
    <subfield code="8">SE</subfield>
    <subfield code="a">BNPHU</subfield>
    <subfield code="b">BNPHU</subfield>
    <subfield code="d">2025-06-03</subfield>
    <subfield code="h">A&#xF1;o 9, No. 8, enero-abril, 2020</subfield>
    <subfield code="l">0</subfield>
    <subfield code="p">2025-4816</subfield>
    <subfield code="r">2025-06-03</subfield>
    <subfield code="t">e.2</subfield>
    <subfield code="w">2025-06-03</subfield>
    <subfield code="y">ISSUE</subfield>
    <subfield code="z">Celebran 207 aniversario del natalicio de Juan Pablo Duarte.</subfield>
  </datafield>
  <datafield tag="952" ind1=" " ind2=" ">
    <subfield code="0">0</subfield>
    <subfield code="1">0</subfield>
    <subfield code="2">ddc</subfield>
    <subfield code="4">0</subfield>
    <subfield code="5">6</subfield>
    <subfield code="7">0</subfield>
    <subfield code="8">SE</subfield>
    <subfield code="a">BNPHU</subfield>
    <subfield code="b">BNPHU</subfield>
    <subfield code="d">2025-06-03</subfield>
    <subfield code="h">A&#xF1;o 9, No. 8, enero-abril, 2020</subfield>
    <subfield code="l">0</subfield>
    <subfield code="p">2025-4817</subfield>
    <subfield code="r">2025-06-03</subfield>
    <subfield code="t">e.3</subfield>
    <subfield code="w">2025-06-03</subfield>
    <subfield code="y">ISSUE</subfield>
    <subfield code="z">Celebran 207 aniversario del natalicio de Juan Pablo Duarte.</subfield>
  </datafield>
  <datafield tag="952" ind1=" " ind2=" ">
    <subfield code="0">0</subfield>
    <subfield code="1">0</subfield>
    <subfield code="2">ddc</subfield>
    <subfield code="4">0</subfield>
    <subfield code="5">6</subfield>
    <subfield code="7">0</subfield>
    <subfield code="8">SE</subfield>
    <subfield code="a">BNPHU</subfield>
    <subfield code="b">BNPHU</subfield>
    <subfield code="d">2025-06-03</subfield>
    <subfield code="h">A&#xF1;o 9, No. 8, enero-abril, 2020</subfield>
    <subfield code="l">0</subfield>
    <subfield code="p">2025-4818</subfield>
    <subfield code="r">2025-06-03</subfield>
    <subfield code="t">e.4</subfield>
    <subfield code="w">2025-06-03</subfield>
    <subfield code="y">ISSUE</subfield>
    <subfield code="z">Celebran 207 aniversario del natalicio de Juan Pablo Duarte.</subfield>
  </datafield>
  <datafield tag="952" ind1=" " ind2=" ">
    <subfield code="0">0</subfield>
    <subfield code="1">0</subfield>
    <subfield code="2">ddc</subfield>
    <subfield code="4">0</subfield>
    <subfield code="5">6</subfield>
    <subfield code="7">0</subfield>
    <subfield code="8">SE</subfield>
    <subfield code="a">BNPHU</subfield>
    <subfield code="b">BNPHU</subfield>
    <subfield code="d">2025-06-03</subfield>
    <subfield code="h">A&#xF1;o 9, No. 9, mayo-diciembre, 2020</subfield>
    <subfield code="l">0</subfield>
    <subfield code="p">2025-4819</subfield>
    <subfield code="r">2025-06-03</subfield>
    <subfield code="t">e.1</subfield>
    <subfield code="w">2025-06-03</subfield>
    <subfield code="y">ISSUE</subfield>
    <subfield code="z">Conmemoran 200 a&#xF1;os del natalicio de Rosa Duarte.</subfield>
  </datafield>
  <datafield tag="952" ind1=" " ind2=" ">
    <subfield code="0">0</subfield>
    <subfield code="1">0</subfield>
    <subfield code="2">ddc</subfield>
    <subfield code="4">0</subfield>
    <subfield code="5">6</subfield>
    <subfield code="7">0</subfield>
    <subfield code="8">SE</subfield>
    <subfield code="a">BNPHU</subfield>
    <subfield code="b">BNPHU</subfield>
    <subfield code="d">2025-06-03</subfield>
    <subfield code="h">A&#xF1;o 9, No. 9, mayo-diciembre, 2020</subfield>
    <subfield code="l">0</subfield>
    <subfield code="p">2025-4820</subfield>
    <subfield code="r">2025-06-03</subfield>
    <subfield code="t">e.2</subfield>
    <subfield code="w">2025-06-03</subfield>
    <subfield code="y">ISSUE</subfield>
    <subfield code="z">Conmemoran 200 a&#xF1;os del natalicio de Rosa Duarte.</subfield>
  </datafield>
  <datafield tag="952" ind1=" " ind2=" ">
    <subfield code="0">0</subfield>
    <subfield code="1">0</subfield>
    <subfield code="2">ddc</subfield>
    <subfield code="4">0</subfield>
    <subfield code="5">6</subfield>
    <subfield code="7">0</subfield>
    <subfield code="8">SE</subfield>
    <subfield code="a">BNPHU</subfield>
    <subfield code="b">BNPHU</subfield>
    <subfield code="d">2025-06-03</subfield>
    <subfield code="h">A&#xF1;o 9, No. 9, mayo-diciembre, 2020</subfield>
    <subfield code="l">0</subfield>
    <subfield code="p">2025-4821</subfield>
    <subfield code="r">2025-06-03</subfield>
    <subfield code="t">e.3</subfield>
    <subfield code="w">2025-06-03</subfield>
    <subfield code="y">ISSUE</subfield>
    <subfield code="z">Conmemoran 200 a&#xF1;os del natalicio de Rosa Duarte.</subfield>
  </datafield>
  <datafield tag="952" ind1=" " ind2=" ">
    <subfield code="0">0</subfield>
    <subfield code="1">0</subfield>
    <subfield code="2">ddc</subfield>
    <subfield code="4">0</subfield>
    <subfield code="5">6</subfield>
    <subfield code="7">0</subfield>
    <subfield code="8">SE</subfield>
    <subfield code="a">BNPHU</subfield>
    <subfield code="b">BNPHU</subfield>
    <subfield code="d">2025-06-03</subfield>
    <subfield code="h">A&#xF1;o 10, No. 10, enero-abril, 2021</subfield>
    <subfield code="l">0</subfield>
    <subfield code="p">2025-4822</subfield>
    <subfield code="r">2025-06-03</subfield>
    <subfield code="t">e.1</subfield>
    <subfield code="w">2025-06-03</subfield>
    <subfield code="y">ISSUE</subfield>
    <subfield code="z">Exaltan a Rosa Duarte al Pante&#xF3;n Nacional.</subfield>
  </datafield>
  <datafield tag="952" ind1=" " ind2=" ">
    <subfield code="0">0</subfield>
    <subfield code="1">0</subfield>
    <subfield code="2">ddc</subfield>
    <subfield code="4">0</subfield>
    <subfield code="5">6</subfield>
    <subfield code="7">0</subfield>
    <subfield code="8">SE</subfield>
    <subfield code="a">BNPHU</subfield>
    <subfield code="b">BNPHU</subfield>
    <subfield code="d">2025-06-03</subfield>
    <subfield code="h">A&#xF1;o 10, No. 10, enero-abril, 2021</subfield>
    <subfield code="l">0</subfield>
    <subfield code="p">2025-4823</subfield>
    <subfield code="r">2025-06-03</subfield>
    <subfield code="t">e.2</subfield>
    <subfield code="w">2025-06-03</subfield>
    <subfield code="y">ISSUE</subfield>
    <subfield code="z">Exaltan a Rosa Duarte al Pante&#xF3;n Nacional.</subfield>
  </datafield>
  <datafield tag="952" ind1=" " ind2=" ">
    <subfield code="0">0</subfield>
    <subfield code="1">0</subfield>
    <subfield code="2">ddc</subfield>
    <subfield code="4">0</subfield>
    <subfield code="5">6</subfield>
    <subfield code="7">0</subfield>
    <subfield code="8">SE</subfield>
    <subfield code="a">BNPHU</subfield>
    <subfield code="b">BNPHU</subfield>
    <subfield code="d">2025-06-03</subfield>
    <subfield code="h">A&#xF1;o 10, No. 10, enero-abril, 2021</subfield>
    <subfield code="l">0</subfield>
    <subfield code="p">2025-4824</subfield>
    <subfield code="r">2025-06-03</subfield>
    <subfield code="t">e.3</subfield>
    <subfield code="w">2025-06-03</subfield>
    <subfield code="y">ISSUE</subfield>
    <subfield code="z">Exaltan a Rosa Duarte al Pante&#xF3;n Nacional.</subfield>
  </datafield>
  <datafield tag="952" ind1=" " ind2=" ">
    <subfield code="0">0</subfield>
    <subfield code="1">0</subfield>
    <subfield code="2">ddc</subfield>
    <subfield code="4">0</subfield>
    <subfield code="5">6</subfield>
    <subfield code="7">0</subfield>
    <subfield code="8">SE</subfield>
    <subfield code="a">BNPHU</subfield>
    <subfield code="b">BNPHU</subfield>
    <subfield code="d">2025-06-03</subfield>
    <subfield code="h">A&#xF1;o 10, No. 11, mayo-agosto, 2021</subfield>
    <subfield code="l">0</subfield>
    <subfield code="p">2025-4825</subfield>
    <subfield code="r">2025-06-03</subfield>
    <subfield code="t">e.1</subfield>
    <subfield code="w">2025-06-03</subfield>
    <subfield code="y">ISSUE</subfield>
    <subfield code="z">Mar&#xED;a Trinidad S&#xE1;nchez hero&#xED;na y m&#xE1;rtir nacional.</subfield>
  </datafield>
  <datafield tag="952" ind1=" " ind2=" ">
    <subfield code="0">0</subfield>
    <subfield code="1">0</subfield>
    <subfield code="2">ddc</subfield>
    <subfield code="4">0</subfield>
    <subfield code="5">6</subfield>
    <subfield code="7">0</subfield>
    <subfield code="8">SE</subfield>
    <subfield code="a">BNPHU</subfield>
    <subfield code="b">BNPHU</subfield>
    <subfield code="d">2025-06-03</subfield>
    <subfield code="h">A&#xF1;o 10, No. 11, mayo-agosto, 2021</subfield>
    <subfield code="l">0</subfield>
    <subfield code="p">2025-4826</subfield>
    <subfield code="r">2025-06-03</subfield>
    <subfield code="t">e.2</subfield>
    <subfield code="w">2025-06-03</subfield>
    <subfield code="y">ISSUE</subfield>
    <subfield code="z">Mar&#xED;a Trinidad S&#xE1;nchez hero&#xED;na y m&#xE1;rtir nacional.</subfield>
  </datafield>
  <datafield tag="952" ind1=" " ind2=" ">
    <subfield code="0">0</subfield>
    <subfield code="1">0</subfield>
    <subfield code="2">ddc</subfield>
    <subfield code="4">0</subfield>
    <subfield code="5">6</subfield>
    <subfield code="7">0</subfield>
    <subfield code="8">SE</subfield>
    <subfield code="a">BNPHU</subfield>
    <subfield code="b">BNPHU</subfield>
    <subfield code="d">2025-06-03</subfield>
    <subfield code="h">A&#xF1;o 10, No. 11, mayo-agosto, 2021</subfield>
    <subfield code="l">0</subfield>
    <subfield code="p">2025-4827</subfield>
    <subfield code="r">2025-06-03</subfield>
    <subfield code="t">e.3</subfield>
    <subfield code="w">2025-06-03</subfield>
    <subfield code="y">ISSUE</subfield>
    <subfield code="z">Mar&#xED;a Trinidad S&#xE1;nchez hero&#xED;na y m&#xE1;rtir nacional.</subfield>
  </datafield>
  <datafield tag="952" ind1=" " ind2=" ">
    <subfield code="0">0</subfield>
    <subfield code="1">0</subfield>
    <subfield code="2">ddc</subfield>
    <subfield code="4">0</subfield>
    <subfield code="5">6</subfield>
    <subfield code="7">0</subfield>
    <subfield code="8">SE</subfield>
    <subfield code="a">BNPHU</subfield>
    <subfield code="b">BNPHU</subfield>
    <subfield code="d">2025-06-03</subfield>
    <subfield code="h">A&#xF1;o 10, No. 11, mayo-agosto, 2021</subfield>
    <subfield code="l">0</subfield>
    <subfield code="p">2025-4828</subfield>
    <subfield code="r">2025-06-03</subfield>
    <subfield code="t">e.4</subfield>
    <subfield code="w">2025-06-03</subfield>
    <subfield code="y">ISSUE</subfield>
    <subfield code="z">Mar&#xED;a Trinidad S&#xE1;nchez hero&#xED;na y m&#xE1;rtir nacional.</subfield>
  </datafield>
  <datafield tag="952" ind1=" " ind2=" ">
    <subfield code="0">0</subfield>
    <subfield code="1">0</subfield>
    <subfield code="2">ddc</subfield>
    <subfield code="4">0</subfield>
    <subfield code="5">6</subfield>
    <subfield code="7">0</subfield>
    <subfield code="8">SE</subfield>
    <subfield code="a">BNPHU</subfield>
    <subfield code="b">BNPHU</subfield>
    <subfield code="d">2025-06-03</subfield>
    <subfield code="h">A&#xF1;o 10, No. 12, septiembre-diciembre, 2021</subfield>
    <subfield code="l">0</subfield>
    <subfield code="p">2025-4829</subfield>
    <subfield code="r">2025-06-03</subfield>
    <subfield code="t">e.1</subfield>
    <subfield code="w">2025-06-03</subfield>
    <subfield code="y">ISSUE</subfield>
    <subfield code="z">Extienden fervor dominicanista en el Norte y Sur del pa&#xED;s. </subfield>
  </datafield>
  <datafield tag="952" ind1=" " ind2=" ">
    <subfield code="0">0</subfield>
    <subfield code="1">0</subfield>
    <subfield code="2">ddc</subfield>
    <subfield code="4">0</subfield>
    <subfield code="5">6</subfield>
    <subfield code="7">0</subfield>
    <subfield code="8">SE</subfield>
    <subfield code="a">BNPHU</subfield>
    <subfield code="b">BNPHU</subfield>
    <subfield code="d">2025-06-03</subfield>
    <subfield code="h">A&#xF1;o 10, No. 12, septiembre-diciembre, 2021</subfield>
    <subfield code="l">0</subfield>
    <subfield code="p">2025-4830</subfield>
    <subfield code="r">2025-06-03</subfield>
    <subfield code="t">e.2</subfield>
    <subfield code="w">2025-06-03</subfield>
    <subfield code="y">ISSUE</subfield>
    <subfield code="z">Extienden fervor dominicanista en el Norte y Sur del pa&#xED;s. </subfield>
  </datafield>
  <datafield tag="952" ind1=" " ind2=" ">
    <subfield code="0">0</subfield>
    <subfield code="1">0</subfield>
    <subfield code="2">ddc</subfield>
    <subfield code="4">0</subfield>
    <subfield code="5">6</subfield>
    <subfield code="7">0</subfield>
    <subfield code="8">SE</subfield>
    <subfield code="a">BNPHU</subfield>
    <subfield code="b">BNPHU</subfield>
    <subfield code="d">2025-06-03</subfield>
    <subfield code="h">A&#xF1;o 10, No. 12, septiembre-diciembre, 2021</subfield>
    <subfield code="l">0</subfield>
    <subfield code="p">2025-4831</subfield>
    <subfield code="r">2025-06-03</subfield>
    <subfield code="t">e.3</subfield>
    <subfield code="w">2025-06-03</subfield>
    <subfield code="y">ISSUE</subfield>
    <subfield code="z">Extienden fervor dominicanista en el Norte y Sur del pa&#xED;s. </subfield>
  </datafield>
  <datafield tag="952" ind1=" " ind2=" ">
    <subfield code="0">0</subfield>
    <subfield code="1">0</subfield>
    <subfield code="2">ddc</subfield>
    <subfield code="4">0</subfield>
    <subfield code="5">6</subfield>
    <subfield code="7">0</subfield>
    <subfield code="8">SE</subfield>
    <subfield code="a">BNPHU</subfield>
    <subfield code="b">BNPHU</subfield>
    <subfield code="d">2025-06-03</subfield>
    <subfield code="h">A&#xF1;o 11, No. 13, enero-abril, 2022</subfield>
    <subfield code="l">0</subfield>
    <subfield code="p">2025-4833</subfield>
    <subfield code="r">2025-06-03</subfield>
    <subfield code="t">e.1</subfield>
    <subfield code="w">2025-06-03</subfield>
    <subfield code="y">ISSUE</subfield>
    <subfield code="z">En conmemoraci&#xF3;n del d&#xED;a de Duarte, el arte se ti&#xF1;e de patria.</subfield>
  </datafield>
  <datafield tag="952" ind1=" " ind2=" ">
    <subfield code="0">0</subfield>
    <subfield code="1">0</subfield>
    <subfield code="2">ddc</subfield>
    <subfield code="4">0</subfield>
    <subfield code="5">6</subfield>
    <subfield code="7">0</subfield>
    <subfield code="8">SE</subfield>
    <subfield code="a">BNPHU</subfield>
    <subfield code="b">BNPHU</subfield>
    <subfield code="d">2025-06-03</subfield>
    <subfield code="h">A&#xF1;o 11, No. 14, mayo-agosto, 2022</subfield>
    <subfield code="l">0</subfield>
    <subfield code="p">2025-4834</subfield>
    <subfield code="r">2025-06-03</subfield>
    <subfield code="t">e.1</subfield>
    <subfield code="w">2025-06-03</subfield>
    <subfield code="y">ISSUE</subfield>
    <subfield code="z">Cientos de dominicanos participan en marcha patri&#xF3;tica RD.</subfield>
  </datafield>
  <datafield tag="952" ind1=" " ind2=" ">
    <subfield code="0">0</subfield>
    <subfield code="1">0</subfield>
    <subfield code="2">ddc</subfield>
    <subfield code="4">0</subfield>
    <subfield code="5">6</subfield>
    <subfield code="7">0</subfield>
    <subfield code="8">SE</subfield>
    <subfield code="a">BNPHU</subfield>
    <subfield code="b">BNPHU</subfield>
    <subfield code="d">2025-06-03</subfield>
    <subfield code="h">A&#xF1;o 11, No. 14, mayo-agosto, 2022</subfield>
    <subfield code="l">0</subfield>
    <subfield code="p">2025-4835</subfield>
    <subfield code="r">2025-06-03</subfield>
    <subfield code="t">e.2</subfield>
    <subfield code="w">2025-06-03</subfield>
    <subfield code="y">ISSUE</subfield>
    <subfield code="z">Cientos de dominicanos participan en marcha patri&#xF3;tica RD.</subfield>
  </datafield>
  <datafield tag="952" ind1=" " ind2=" ">
    <subfield code="0">0</subfield>
    <subfield code="1">0</subfield>
    <subfield code="2">ddc</subfield>
    <subfield code="4">0</subfield>
    <subfield code="5">6</subfield>
    <subfield code="7">0</subfield>
    <subfield code="8">SE</subfield>
    <subfield code="a">BNPHU</subfield>
    <subfield code="b">BNPHU</subfield>
    <subfield code="d">2025-06-03</subfield>
    <subfield code="h">A&#xF1;o 11, No. 14, mayo-agosto, 2022</subfield>
    <subfield code="l">0</subfield>
    <subfield code="p">2025-4836</subfield>
    <subfield code="r">2025-06-03</subfield>
    <subfield code="t">e.3</subfield>
    <subfield code="w">2025-06-03</subfield>
    <subfield code="y">ISSUE</subfield>
    <subfield code="z">Cientos de dominicanos participan en marcha patri&#xF3;tica RD.</subfield>
  </datafield>
  <datafield tag="952" ind1=" " ind2=" ">
    <subfield code="0">0</subfield>
    <subfield code="1">0</subfield>
    <subfield code="2">ddc</subfield>
    <subfield code="4">0</subfield>
    <subfield code="5">6</subfield>
    <subfield code="7">0</subfield>
    <subfield code="8">SE</subfield>
    <subfield code="a">BNPHU</subfield>
    <subfield code="b">BNPHU</subfield>
    <subfield code="d">2025-06-03</subfield>
    <subfield code="h">A&#xF1;o 11, No. 14, mayo-agosto, 2022</subfield>
    <subfield code="l">0</subfield>
    <subfield code="p">2025-4837</subfield>
    <subfield code="r">2025-06-03</subfield>
    <subfield code="t">e.4</subfield>
    <subfield code="w">2025-06-03</subfield>
    <subfield code="y">ISSUE</subfield>
    <subfield code="z">Cientos de dominicanos participan en marcha patri&#xF3;tica RD.</subfield>
  </datafield>
  <datafield tag="952" ind1=" " ind2=" ">
    <subfield code="0">0</subfield>
    <subfield code="1">0</subfield>
    <subfield code="2">ddc</subfield>
    <subfield code="4">0</subfield>
    <subfield code="5">6</subfield>
    <subfield code="7">0</subfield>
    <subfield code="8">SE</subfield>
    <subfield code="a">BNPHU</subfield>
    <subfield code="b">BNPHU</subfield>
    <subfield code="d">2025-06-03</subfield>
    <subfield code="h">A&#xF1;o 11, No. 15, septiembre-diciembre, 2022</subfield>
    <subfield code="l">0</subfield>
    <subfield code="p">2025-4838</subfield>
    <subfield code="r">2025-06-03</subfield>
    <subfield code="t">e.1</subfield>
    <subfield code="w">2025-06-03</subfield>
    <subfield code="y">ISSUE</subfield>
    <subfield code="z">Marcha con el pueblo en demanda comunidad internacional Auxilie Hait&#xED;.</subfield>
  </datafield>
  <datafield tag="952" ind1=" " ind2=" ">
    <subfield code="0">0</subfield>
    <subfield code="1">0</subfield>
    <subfield code="2">ddc</subfield>
    <subfield code="4">0</subfield>
    <subfield code="5">6</subfield>
    <subfield code="7">0</subfield>
    <subfield code="8">SE</subfield>
    <subfield code="a">BNPHU</subfield>
    <subfield code="b">BNPHU</subfield>
    <subfield code="d">2025-06-03</subfield>
    <subfield code="h">A&#xF1;o 11, No. 15, septiembre-diciembre, 2022</subfield>
    <subfield code="l">0</subfield>
    <subfield code="p">2025-4839</subfield>
    <subfield code="r">2025-06-03</subfield>
    <subfield code="t">e.2</subfield>
    <subfield code="w">2025-06-03</subfield>
    <subfield code="y">ISSUE</subfield>
    <subfield code="z">Marcha con el pueblo en demanda comunidad internacional Auxilie Hait&#xED;.</subfield>
  </datafield>
  <datafield tag="952" ind1=" " ind2=" ">
    <subfield code="0">0</subfield>
    <subfield code="1">0</subfield>
    <subfield code="2">ddc</subfield>
    <subfield code="4">0</subfield>
    <subfield code="5">6</subfield>
    <subfield code="7">0</subfield>
    <subfield code="8">SE</subfield>
    <subfield code="a">BNPHU</subfield>
    <subfield code="b">BNPHU</subfield>
    <subfield code="d">2025-06-03</subfield>
    <subfield code="h">A&#xF1;o 11, No. 15, septiembre-diciembre, 2022</subfield>
    <subfield code="l">0</subfield>
    <subfield code="p">2025-4840</subfield>
    <subfield code="r">2025-06-03</subfield>
    <subfield code="t">e.3</subfield>
    <subfield code="w">2025-06-03</subfield>
    <subfield code="y">ISSUE</subfield>
    <subfield code="z">Marcha con el pueblo en demanda comunidad internacional Auxilie Hait&#xED;.</subfield>
  </datafield>
  <datafield tag="952" ind1=" " ind2=" ">
    <subfield code="0">0</subfield>
    <subfield code="1">0</subfield>
    <subfield code="2">ddc</subfield>
    <subfield code="4">0</subfield>
    <subfield code="5">6</subfield>
    <subfield code="7">0</subfield>
    <subfield code="8">SE</subfield>
    <subfield code="a">BNPHU</subfield>
    <subfield code="b">BNPHU</subfield>
    <subfield code="d">2025-06-03</subfield>
    <subfield code="h">A&#xF1;o 11, No. 17, mayo-agosto, 2023</subfield>
    <subfield code="l">0</subfield>
    <subfield code="p">2025-4841</subfield>
    <subfield code="r">2025-06-03</subfield>
    <subfield code="t">e.1</subfield>
    <subfield code="w">2025-06-03</subfield>
    <subfield code="y">ISSUE</subfield>
    <subfield code="z">Resaltan efem&#xE9;rides la Trinitaria y la Restauraci&#xF3;n de la Independencia.</subfield>
  </datafield>
  <datafield tag="952" ind1=" " ind2=" ">
    <subfield code="0">0</subfield>
    <subfield code="1">0</subfield>
    <subfield code="2">ddc</subfield>
    <subfield code="4">0</subfield>
    <subfield code="5">6</subfield>
    <subfield code="7">0</subfield>
    <subfield code="8">SE</subfield>
    <subfield code="a">BNPHU</subfield>
    <subfield code="b">BNPHU</subfield>
    <subfield code="d">2025-06-03</subfield>
    <subfield code="h">A&#xF1;o 11, No. 17, mayo-agosto, 2023</subfield>
    <subfield code="l">0</subfield>
    <subfield code="p">2025-4842</subfield>
    <subfield code="r">2025-06-03</subfield>
    <subfield code="t">e.2</subfield>
    <subfield code="w">2025-06-03</subfield>
    <subfield code="y">ISSUE</subfield>
    <subfield code="z">Resaltan efem&#xE9;rides la Trinitaria y la Restauraci&#xF3;n de la Independencia.</subfield>
  </datafield>
  <datafield tag="952" ind1=" " ind2=" ">
    <subfield code="0">0</subfield>
    <subfield code="1">0</subfield>
    <subfield code="2">ddc</subfield>
    <subfield code="4">0</subfield>
    <subfield code="5">6</subfield>
    <subfield code="7">0</subfield>
    <subfield code="8">SE</subfield>
    <subfield code="a">BNPHU</subfield>
    <subfield code="b">BNPHU</subfield>
    <subfield code="d">2025-06-03</subfield>
    <subfield code="h">A&#xF1;o 11, No. 17, mayo-agosto, 2023</subfield>
    <subfield code="l">0</subfield>
    <subfield code="p">2025-4843</subfield>
    <subfield code="r">2025-06-03</subfield>
    <subfield code="t">e.3</subfield>
    <subfield code="w">2025-06-03</subfield>
    <subfield code="y">ISSUE</subfield>
    <subfield code="z">Resaltan efem&#xE9;rides la Trinitaria y la Restauraci&#xF3;n de la Independencia.</subfield>
  </datafield>
  <datafield tag="952" ind1=" " ind2=" ">
    <subfield code="0">0</subfield>
    <subfield code="1">0</subfield>
    <subfield code="2">ddc</subfield>
    <subfield code="4">0</subfield>
    <subfield code="5">6</subfield>
    <subfield code="7">0</subfield>
    <subfield code="8">SE</subfield>
    <subfield code="a">BNPHU</subfield>
    <subfield code="b">BNPHU</subfield>
    <subfield code="d">2025-06-03</subfield>
    <subfield code="h">A&#xF1;o 11, No. 18, septiembre-diciembre, 2023</subfield>
    <subfield code="l">0</subfield>
    <subfield code="p">2025-4844</subfield>
    <subfield code="r">2025-06-03</subfield>
    <subfield code="t">e.1</subfield>
    <subfield code="w">2025-06-03</subfield>
    <subfield code="y">ISSUE</subfield>
    <subfield code="z">Juramentan nuevos miembros de honor.</subfield>
  </datafield>
  <datafield tag="952" ind1=" " ind2=" ">
    <subfield code="0">0</subfield>
    <subfield code="1">0</subfield>
    <subfield code="2">ddc</subfield>
    <subfield code="4">0</subfield>
    <subfield code="5">6</subfield>
    <subfield code="7">0</subfield>
    <subfield code="8">SE</subfield>
    <subfield code="a">BNPHU</subfield>
    <subfield code="b">BNPHU</subfield>
    <subfield code="d">2025-06-03</subfield>
    <subfield code="h">A&#xF1;o 11, No. 18, septiembre-diciembre, 2023</subfield>
    <subfield code="l">0</subfield>
    <subfield code="p">2025-4845</subfield>
    <subfield code="r">2025-06-03</subfield>
    <subfield code="t">e.2</subfield>
    <subfield code="w">2025-06-03</subfield>
    <subfield code="y">ISSUE</subfield>
    <subfield code="z">Juramentan nuevos miembros de honor.</subfield>
  </datafield>
  <datafield tag="952" ind1=" " ind2=" ">
    <subfield code="0">0</subfield>
    <subfield code="1">0</subfield>
    <subfield code="2">ddc</subfield>
    <subfield code="4">0</subfield>
    <subfield code="5">6</subfield>
    <subfield code="7">0</subfield>
    <subfield code="8">SE</subfield>
    <subfield code="a">BNPHU</subfield>
    <subfield code="b">BNPHU</subfield>
    <subfield code="d">2025-06-03</subfield>
    <subfield code="h">A&#xF1;o 11, No. 18, septiembre-diciembre, 2023</subfield>
    <subfield code="l">0</subfield>
    <subfield code="p">2025-4846</subfield>
    <subfield code="r">2025-06-03</subfield>
    <subfield code="t">e.3</subfield>
    <subfield code="w">2025-06-03</subfield>
    <subfield code="y">ISSUE</subfield>
    <subfield code="z">Juramentan nuevos miembros de honor.</subfield>
  </datafield>
  <datafield tag="952" ind1=" " ind2=" ">
    <subfield code="0">0</subfield>
    <subfield code="1">0</subfield>
    <subfield code="2">ddc</subfield>
    <subfield code="4">0</subfield>
    <subfield code="5">6</subfield>
    <subfield code="7">0</subfield>
    <subfield code="8">SE</subfield>
    <subfield code="a">BNPHU</subfield>
    <subfield code="b">BNPHU</subfield>
    <subfield code="d">2025-06-03</subfield>
    <subfield code="h">A&#xF1;o 11, No. 19, enero-abril, 2024</subfield>
    <subfield code="l">0</subfield>
    <subfield code="p">2025-4847</subfield>
    <subfield code="r">2025-06-03</subfield>
    <subfield code="t">e.1</subfield>
    <subfield code="w">2025-06-03</subfield>
    <subfield code="y">ISSUE</subfield>
    <subfield code="z">211 aniversario del natalicio de Duarte rememoran acciones del l&#xED;der m&#xE1;s formidable.</subfield>
  </datafield>
  <datafield tag="952" ind1=" " ind2=" ">
    <subfield code="0">0</subfield>
    <subfield code="1">0</subfield>
    <subfield code="2">ddc</subfield>
    <subfield code="4">0</subfield>
    <subfield code="5">6</subfield>
    <subfield code="7">0</subfield>
    <subfield code="8">SE</subfield>
    <subfield code="a">BNPHU</subfield>
    <subfield code="b">BNPHU</subfield>
    <subfield code="d">2025-06-03</subfield>
    <subfield code="h">A&#xF1;o 11, No. 19, enero-abril, 2024</subfield>
    <subfield code="l">0</subfield>
    <subfield code="p">2025-4848</subfield>
    <subfield code="r">2025-06-03</subfield>
    <subfield code="t">e.2</subfield>
    <subfield code="w">2025-06-03</subfield>
    <subfield code="y">ISSUE</subfield>
    <subfield code="z">211 aniversario del natalicio de Duarte rememoran acciones del l&#xED;der m&#xE1;s formidable.</subfield>
  </datafield>
  <datafield tag="952" ind1=" " ind2=" ">
    <subfield code="0">0</subfield>
    <subfield code="1">0</subfield>
    <subfield code="2">ddc</subfield>
    <subfield code="4">0</subfield>
    <subfield code="5">6</subfield>
    <subfield code="7">0</subfield>
    <subfield code="8">SE</subfield>
    <subfield code="a">BNPHU</subfield>
    <subfield code="b">BNPHU</subfield>
    <subfield code="d">2025-06-03</subfield>
    <subfield code="h">A&#xF1;o 11, No. 19, enero-abril, 2024</subfield>
    <subfield code="l">0</subfield>
    <subfield code="p">2025-4849</subfield>
    <subfield code="r">2025-06-03</subfield>
    <subfield code="t">e.3</subfield>
    <subfield code="w">2025-06-03</subfield>
    <subfield code="y">ISSUE</subfield>
    <subfield code="z">211 aniversario del natalicio de Duarte rememoran acciones del l&#xED;der m&#xE1;s formidable.</subfield>
  </datafield>
  <datafield tag="952" ind1=" " ind2=" ">
    <subfield code="0">0</subfield>
    <subfield code="1">0</subfield>
    <subfield code="2">ddc</subfield>
    <subfield code="4">0</subfield>
    <subfield code="5">6</subfield>
    <subfield code="7">0</subfield>
    <subfield code="8">SE</subfield>
    <subfield code="a">BNPHU</subfield>
    <subfield code="b">BNPHU</subfield>
    <subfield code="d">2025-06-03</subfield>
    <subfield code="h">A&#xF1;o 11, No. 20, mayo-agosto, 2024</subfield>
    <subfield code="l">0</subfield>
    <subfield code="p">2025-4850</subfield>
    <subfield code="r">2025-06-03</subfield>
    <subfield code="t">e.1</subfield>
    <subfield code="w">2025-06-03</subfield>
    <subfield code="y">ISSUE</subfield>
    <subfield code="z">Reconocen a Felipe Rojas Alou y El Caribe, en desayuno por la patria.</subfield>
  </datafield>
  <datafield tag="952" ind1=" " ind2=" ">
    <subfield code="0">0</subfield>
    <subfield code="1">0</subfield>
    <subfield code="2">ddc</subfield>
    <subfield code="4">0</subfield>
    <subfield code="5">6</subfield>
    <subfield code="7">0</subfield>
    <subfield code="8">SE</subfield>
    <subfield code="a">BNPHU</subfield>
    <subfield code="b">BNPHU</subfield>
    <subfield code="d">2025-06-03</subfield>
    <subfield code="h">A&#xF1;o 11, No. 20, mayo-agosto, 2024</subfield>
    <subfield code="l">0</subfield>
    <subfield code="p">2025-4851</subfield>
    <subfield code="r">2025-06-03</subfield>
    <subfield code="t">e.2</subfield>
    <subfield code="w">2025-06-03</subfield>
    <subfield code="y">ISSUE</subfield>
    <subfield code="z">Reconocen a Felipe Rojas Alou y El Caribe, en desayuno por la patria.</subfield>
  </datafield>
  <datafield tag="952" ind1=" " ind2=" ">
    <subfield code="0">0</subfield>
    <subfield code="1">0</subfield>
    <subfield code="2">ddc</subfield>
    <subfield code="4">0</subfield>
    <subfield code="5">6</subfield>
    <subfield code="7">0</subfield>
    <subfield code="8">SE</subfield>
    <subfield code="a">BNPHU</subfield>
    <subfield code="b">BNPHU</subfield>
    <subfield code="d">2025-06-03</subfield>
    <subfield code="h">A&#xF1;o 11, No. 21, septiembre-diciembre, 2024</subfield>
    <subfield code="l">0</subfield>
    <subfield code="p">2025-4852</subfield>
    <subfield code="r">2025-06-03</subfield>
    <subfield code="t">e.1</subfield>
    <subfield code="w">2025-06-03</subfield>
    <subfield code="y">ISSUE</subfield>
    <subfield code="z">Reconocen personalidades dominicanas como miembros de honor.</subfield>
  </datafield>
  <datafield tag="952" ind1=" " ind2=" ">
    <subfield code="0">0</subfield>
    <subfield code="1">0</subfield>
    <subfield code="2">ddc</subfield>
    <subfield code="4">0</subfield>
    <subfield code="5">6</subfield>
    <subfield code="7">0</subfield>
    <subfield code="8">SE</subfield>
    <subfield code="a">BNPHU</subfield>
    <subfield code="b">BNPHU</subfield>
    <subfield code="d">2025-06-03</subfield>
    <subfield code="h">A&#xF1;o 11, No. 21, septiembre-diciembre, 2024</subfield>
    <subfield code="l">0</subfield>
    <subfield code="p">2025-4853</subfield>
    <subfield code="r">2025-06-03</subfield>
    <subfield code="t">e.2</subfield>
    <subfield code="w">2025-06-03</subfield>
    <subfield code="y">ISSUE</subfield>
    <subfield code="z">Reconocen personalidades dominicanas como miembros de honor.</subfield>
  </datafield>
  <datafield tag="952" ind1=" " ind2=" ">
    <subfield code="0">0</subfield>
    <subfield code="1">0</subfield>
    <subfield code="2">ddc</subfield>
    <subfield code="4">0</subfield>
    <subfield code="5">6</subfield>
    <subfield code="7">0</subfield>
    <subfield code="8">SE</subfield>
    <subfield code="a">BNPHU</subfield>
    <subfield code="b">BNPHU</subfield>
    <subfield code="d">2025-06-03</subfield>
    <subfield code="h">A&#xF1;o 11, No. 21, septiembre-diciembre, 2024</subfield>
    <subfield code="l">0</subfield>
    <subfield code="p">2025-4854</subfield>
    <subfield code="r">2025-06-03</subfield>
    <subfield code="t">e.3</subfield>
    <subfield code="w">2025-06-03</subfield>
    <subfield code="y">ISSUE</subfield>
    <subfield code="z">Reconocen personalidades dominicanas como miembros de honor.</subfield>
  </datafield>
  <datafield tag="952" ind1=" " ind2=" ">
    <subfield code="0">0</subfield>
    <subfield code="1">0</subfield>
    <subfield code="2">ddc</subfield>
    <subfield code="4">0</subfield>
    <subfield code="5">6</subfield>
    <subfield code="7">0</subfield>
    <subfield code="8">SE</subfield>
    <subfield code="a">BNPHU</subfield>
    <subfield code="b">BNPHU</subfield>
    <subfield code="d">2025-06-12</subfield>
    <subfield code="h">A&#xF1;o 11, No. 20, mayo-agosto, 2024</subfield>
    <subfield code="l">0</subfield>
    <subfield code="p">2025-5119</subfield>
    <subfield code="r">2025-06-12</subfield>
    <subfield code="t">e.3</subfield>
    <subfield code="w">2025-06-12</subfield>
    <subfield code="y">ISSUE</subfield>
    <subfield code="z">Reconocen a Felipe Rojas Alou y El Caribe, en desayuno por la patria.</subfield>
  </datafield>
  <datafield tag="999" ind1=" " ind2=" ">
    <subfield code="c">59119</subfield>
    <subfield code="d">59119</subfield>
  </datafield>
</record>
